000 00583cam a22002053a 4500
001 44102
003 PGUSA
005 20140828084014.0
008 131104s2013||||xxu|||||s|||||000 | eng d
040 _aPGUSA
_beng
042 _adc
100 1 _aAlderman, Lewis Raymond
245 1 0 _aSchool Credit for Home Work
_h[electronic resource] /
_cLewis Raymond Alderman
260 _bProject Gutenberg,
_c2013
506 _aPublic domain in the USA.
516 _aElectronic text
830 0 _aProject Gutenberg
_v44102
856 4 0 _uhttp://www.gutenberg.org/ebooks/44102
942 _cEB
999 _c273353
_d273353